000 00262nam a2200097Ia 4500
001 833730
005 20250826172420.0
008 250824s9999 xx 000 0 und d
245 0 _aİMDAT İŞLER KARIŞTI
_cMÜGE DEĞİRMENCİ
260 _bÇOCUK GEZEGENİ YAYINLARI
999 _c833730
_d833730